000 00310nam a22001217a 4500
008 160504b xxu||||| |||| 00| 0 eng d
020 _a9780838513743
020 _a0838513743
041 _aeng
080 _a618.2
245 _aCritical thinking in nursing:
_cElsie L.Bandmon; Bertram Bandman;
942 _2udc
_cBK
999 _c1795
_d1795